| 000 | 00669nam a2200169 a 4500 | ||
|---|---|---|---|
| 001 | BRCA_2325 | ||
| 005 | 20190320203748.0 | ||
| 008 | 920728s1979----mx-a---###---#000-0#spa-# | ||
| 040 |
_aDLC _cDLC _dOCoLC |
||
| 050 | 4 |
_aN6550 _b.M45 1990 |
|
| 245 | 1 | 0 |
_aIII Memoria de la Sociedad Defensora del Tesoro Artístico de México, A.C. _b1983-1984. |
| 260 |
_aMéxico _bSociedad Defensora del Tesoro Artístico de México _c[1990] |
||
| 300 |
_a64 p. _bil. (algunas a color) _c27 cm. |
||
| 650 | 1 | 4 |
_aArte mexicano _vPublicaciones seriadas _xConservación y restauración _96992 |
| 650 | 1 | 4 |
_aArte _vPublicaciones seriadas _xConservación y restauración _zMéxico _96993 |
| 942 |
_2lcc _cB |
||
| 999 |
_c2070 _d2070 |
||